[Event "ODJM B 2023"]
[Site "Willingen GER"]
[Date "2023.06.01"]
[Round "7"]
[White "Frowein, Jamie"]
[Black "Heitmann, Erik"]
[Result "0-1"]
[Termination "normal"]
[Board "34"]
[WhiteElo "1441"]
[BlackElo "1236"]
[WhiteClock "00:17:00"]
[BlackClock "00:41:53"]
[PlyCount "108"]
[WhiteFideId "16282949"]
[BlackFideId "34608940"]
[EventCountry "GER"]
[EventRounds "9"]
[EventType "swiss"]
[EventDate "2023.05.27"]

1. c4 {[%clk 01:30:59]} e6 {[%clk 01:30:54]} {[%emt 00:00:07]} 2. Nf3 {[%clk
01:31:23]} {[%emt 00:00:05]} Nf6 {[%clk 01:31:12]} {[%emt 00:00:12]} 3. Nc3
{[%clk 01:31:45]} {[%emt 00:00:09]} b6 {[%clk 01:31:20]} {[%emt 00:00:22]} 4.
d4 {[%clk 01:31:23]} {[%emt 00:00:52]} d5 {[%clk 01:31:44]} {[%emt 00:00:07]}
5. e3 {[%clk 01:31:38]} {[%emt 00:00:14]} Be7 {[%clk 01:32:01]} {[%emt
00:00:13]} 6. b3 {[%clk 01:30:57]} {[%emt 00:01:12]} O-O {[%clk 01:32:09]}
{[%emt 00:00:22]} 7. cxd5 {[%clk 01:29:28]} {[%emt 00:01:59]} Nxd5 {[%clk
01:30:34]} {[%emt 00:02:04]} 8. Nxd5 {[%clk 01:28:43]} {[%emt 00:01:14]} exd5
{[%clk 01:30:43]} {[%emt 00:00:22]} 9. Bd3 {[%clk 01:28:07]} {[%emt 00:01:07]}
Ba6 {[%clk 01:29:30]} {[%emt 00:01:41]} 10. O-O {[%clk 01:25:38]} {[%emt
00:03:00]} Bxd3 {[%clk 01:29:37]} {[%emt 00:00:23]} 11. Qxd3 {[%emt 00:01:39]}
Nd7 {[%clk 01:28:37]} {[%emt 00:00:01]} 12. Bb2 {[%clk 01:25:36]} {[%emt
00:00:53]} Nf6 {[%clk 01:26:51]} {[%emt 00:02:15]} 13. Ne5 {[%clk 01:24:25]}
{[%emt 00:01:41]} Qd6 {[%clk 01:20:38]} {[%emt 00:06:41]} 14. Rac1 {[%clk
01:24:06]} {[%emt 00:00:51]} c5 {[%clk 01:20:15]} {[%emt 00:00:53]} 15. Ba3
{[%clk 01:23:07]} {[%emt 00:01:29]} Rfc8 {[%clk 01:18:59]} {[%emt 00:01:46]}
16. Qe2 {[%clk 01:16:05]} {[%emt 00:07:32]} Qe6 {[%clk 01:14:42]} {[%emt
00:04:46]} 17. Rfd1 {[%clk 01:08:25]} {[%emt 00:08:11]} Rc7 {[%clk 01:14:08]}
{[%emt 00:01:04]} 18. Nd3 {[%clk 01:00:08]} {[%emt 00:08:47]} Rac8 {[%clk
01:09:07]} {[%emt 00:05:31]} 19. Nf4 {[%clk 00:59:42]} {[%emt 00:00:56]} Qf5
{[%clk 01:06:09]} {[%emt 00:03:26]} 20. dxc5 {[%clk 00:57:57]} {[%emt
00:02:18]} bxc5 {[%clk 01:05:28]} {[%emt 00:01:11]} 21. Nxd5 {[%clk 00:48:45]}
{[%emt 00:09:42]} Nxd5 {[%clk 01:04:11]} {[%emt 00:01:47]} 22. e4 {[%clk
00:48:39]} {[%emt 00:00:35]} Nf4 {[%clk 01:03:29]} {[%emt 00:01:12]} 23. Qd2
{[%clk 00:34:22]} {[%emt 00:14:47]} Qg5 {[%clk 01:00:14]} {[%emt 00:03:45]} 24.
g3 {[%clk 00:32:45]} {[%emt 00:02:08]} Nh3+ {[%clk 01:00:07]} {[%emt 00:00:37]}
25. Kg2 {[%clk 00:33:01]} {[%emt 00:00:13]} Qxd2 {[%clk 01:00:27]} {[%emt
00:00:09]} 26. Rxd2 {[%clk 00:33:26]} {[%emt 00:00:05]} Ng5 {[%clk 01:00:39]}
{[%emt 00:00:19]} 27. Rc4 {[%clk 00:32:06]} {[%emt 00:01:50]} h6 {[%clk
01:00:19]} {[%emt 00:00:49]} 28. Rdc2 {[%clk 00:31:26]} {[%emt 00:01:11]} Ne6
{[%clk 00:59:49]} {[%emt 00:01:00]} 29. f4 {[%clk 00:30:56]} {[%emt 00:01:00]}
Nd4 {[%clk 00:59:37]} {[%emt 00:00:42]} 30. Rc1 {[%clk 00:30:34]} {[%emt
00:00:52]} Nb5 {[%clk 00:58:22]} {[%emt 00:01:45]} 31. Bb2 {[%clk 00:30:11]}
{[%emt 00:00:53]} Rd8 {[%clk 00:56:36]} {[%emt 00:02:16]} 32. R1c2 {[%clk
00:28:25]} {[%emt 00:02:16]} Rcd7 {[%clk 00:53:16]} {[%emt 00:03:50]} 33. Bc1
{[%clk 00:27:42]} {[%emt 00:01:13]} Rd4 {[%clk 00:52:39]} {[%emt 00:01:07]} 34.
a4 {[%clk 00:26:51]} {[%emt 00:01:21]} Rxc4 {[%clk 00:52:37]} {[%emt 00:00:33]}
35. Rxc4 {[%clk 00:27:10]} {[%emt 00:00:10]} Nd6 {[%clk 00:52:21]} {[%emt
00:00:46]} 36. Rxc5 {[%clk 00:26:26]} {[%emt 00:01:14]} Rc8 {[%clk 00:51:21]}
{[%emt 00:01:28]} 37. Rxc8+ {[%clk 00:24:58]} {[%emt 00:02:00]} Nxc8 {[%clk
00:51:50]} 38. Kf3 {[%clk 00:24:48]} {[%emt 00:00:40]} Bb4 {[%clk 00:51:46]}
{[%emt 00:00:34]} 39. Be3 {[%clk 00:24:45]} {[%emt 00:00:33]} a6 {[%clk
00:51:51]} {[%emt 00:00:26]} 40. e5 {[%clk 00:24:40]} {[%emt 00:00:34]} Ne7
{[%clk 00:51:26]} {[%emt 00:00:54]} 41. Ke4 {[%clk 00:23:37]} {[%emt 00:01:34]}
g6 {[%clk 00:51:05]} {[%emt 00:00:50]} 42. Kd4 {[%clk 00:23:38]} {[%emt
00:00:28]} Nf5+ {[%clk 00:51:01]} {[%emt 00:00:36]} 43. Kd3 {[%clk 00:23:45]}
{[%emt 00:00:23]} Nxe3 {[%clk 00:51:10]} {[%emt 00:00:21]} 44. Kxe3 {[%clk
00:24:10]} {[%emt 00:00:05]} Kf8 {[%clk 00:50:28]} {[%emt 00:01:12]} 45. Ke4
{[%clk 00:24:19]} {[%emt 00:00:21]} Ke7 {[%clk 00:50:23]} {[%emt 00:00:34]} 46.
g4 {[%clk 00:21:32]} {[%emt 00:03:18]} a5 {[%clk 00:48:04]} {[%emt 00:02:50]}
47. h4 {[%clk 00:20:20]} {[%emt 00:01:41]} h5 {[%clk 00:41:47]} {[%emt
00:06:47]} 48. gxh5 {[%clk 00:19:09]} {[%emt 00:01:41]} gxh5 {[%clk 00:42:16]}
49. Kf5 {[%clk 00:19:24]} {[%emt 00:00:15]} Be1 {[%clk 00:42:21]} {[%emt
00:00:24]} 50. Kg5 {[%clk 00:18:50]} {[%emt 00:01:05]} Ke6 {[%clk 00:42:03]}
{[%emt 00:00:48]} 51. f5+ {[%clk 00:16:12]} {[%emt 00:03:07]} Kxe5 {[%clk
00:41:35]} {[%emt 00:00:58]} 52. f6 {[%clk 00:16:31]} {[%emt 00:00:12]} Bxh4
{[%clk 00:41:12]} {[%emt 00:00:53]} 53. Kxh4 {[%clk 00:16:43]} {[%emt
00:00:18]} Kxf6 {[%clk 00:41:41]} 54. Kxh5 {[%clk 00:17:00]} {[%emt 00:00:13]}
Ke5 {[%clk 00:41:53]} {[%emt 00:00:17]} 0-1

[Event "ODJM B 2023"]
[Site "Willingen GER"]
[Date "2023.06.01"]
[Round "7"]
[White "Hoffmann, Sophia"]
[Black "Moldovan, Tudor"]
[Result "1/2-1/2"]
[Termination "normal"]
[Board "35"]
[WhiteElo "1315"]
[BlackElo "1380"]
[WhiteClock "00:13:58"]
[BlackClock "00:11:57"]
[PlyCount "43"]
[WhiteFideId "16259130"]
[BlackFideId "16288203"]
[EventCountry "GER"]
[EventRounds "9"]
[EventType "swiss"]
[EventDate "2023.05.27"]

1. d4 {[%clk 01:30:58]} {[%emt 00:00:03]} d5 {[%clk 01:30:50]} {[%emt
00:00:11]} 2. Bf4 {[%clk 01:31:16]} {[%emt 00:00:11]} e6 {[%clk 01:30:43]}
{[%emt 00:00:36]} 3. e3 {[%clk 01:31:19]} {[%emt 00:00:28]} Bd6 {[%clk
01:30:28]} {[%emt 00:00:45]} 4. Bg3 {[%clk 01:30:28]} {[%emt 00:01:21]} Ne7
{[%clk 01:23:43]} {[%emt 00:07:15]} 5. Nd2 {[%clk 01:27:16]} {[%emt 00:03:42]}
a6 {[%clk 01:16:21]} {[%emt 00:07:52]} 6. a4 {[%clk 01:18:37]} {[%emt
00:09:09]} Nd7 {[%clk 01:13:17]} {[%emt 00:03:33]} 7. Ngf3 {[%clk 01:12:36]}
{[%emt 00:06:32]} Bxg3 {[%clk 01:11:05]} {[%emt 00:02:42]} 8. hxg3 {[%clk
01:09:22]} {[%emt 00:03:44]} c5 {[%clk 00:52:30]} {[%emt 00:19:05]} 9. c3
{[%clk 01:00:20]} {[%emt 00:09:33]} Rb8 {[%clk 00:39:43]} {[%emt 00:13:16]} 10.
Qc2 {[%clk 00:54:20]} {[%emt 00:06:30]} h6 {[%clk 00:35:17]} {[%emt 00:04:56]}
11. e4 {[%clk 00:47:24]} {[%emt 00:07:26]} c4 {[%clk 00:32:25]} {[%emt
00:03:22]} 12. e5 {[%clk 00:42:52]} {[%emt 00:05:02]} b5 {[%clk 00:28:33]}
{[%emt 00:04:22]} 13. Be2 {[%clk 00:37:48]} {[%emt 00:05:33]} Nb6 {[%clk
00:23:59]} {[%emt 00:05:04]} 14. a5 {[%clk 00:26:50]} {[%emt 00:11:29]} Na8
{[%clk 00:22:15]} {[%emt 00:02:13]} 15. Nh4 {[%clk 00:23:37]} {[%emt 00:03:44]}
Kd7 {[%clk 00:20:28]} {[%emt 00:02:17]} 16. b4 {[%clk 00:22:42]} {[%emt
00:01:24]} Bb7 {[%clk 00:17:09]} {[%emt 00:03:49]} 17. f4 {[%clk 00:21:49]}
{[%emt 00:01:23]} g6 {[%clk 00:16:06]} {[%emt 00:01:33]} 18. Nhf3 {[%clk
00:18:08]} {[%emt 00:04:12]} Nf5 {[%clk 00:13:49]} {[%emt 00:02:46]} 19. Kf2
{[%clk 00:17:21]} {[%emt 00:01:17]} h5 {[%clk 00:12:12]} {[%emt 00:02:08]} 20.
Nh4 {[%clk 00:15:02]} {[%emt 00:02:49]} Nxh4 {[%clk 00:11:54]} {[%emt
00:00:48]} 21. gxh4 {[%clk 00:15:19]} {[%emt 00:00:12]} Nc7 {[%clk 00:11:57]}
{[%emt 00:00:27]} 22. Nf3 {[%clk 00:13:58]} {[%emt 00:01:50]} 1/2-1/2

[Event "ODJM B 2023"]
[Site "Willingen GER"]
[Date "2023.06.01"]
[Round "7"]
[White "Hartwig, Eric-Jordan"]
[Black "Schöne, Finn"]
[Result "1/2-1/2"]
[Termination "normal"]
[Board "36"]
[WhiteElo "1534"]
[BlackElo "1411"]
[WhiteClock "00:21:21"]
[BlackClock "00:10:46"]
[PlyCount "106"]
[WhiteFideId "16298454"]
[BlackFideId "34623493"]
[EventCountry "GER"]
[EventRounds "9"]
[EventType "swiss"]
[EventDate "2023.05.27"]

1. e4 {[%clk 01:30:58]} {[%emt 00:00:01]} c5 {[%clk 01:30:45]} {[%emt
00:00:15]} 2. Nc3 {[%clk 01:31:24]} {[%emt 00:00:04]} e6 {[%clk 01:31:06]}
{[%emt 00:00:09]} 3. g3 {[%clk 01:31:48]} {[%emt 00:00:05]} a6 {[%clk
01:31:16]} {[%emt 00:00:20]} 4. Bg2 {[%clk 01:32:11]} {[%emt 00:00:07]} Nc6
{[%clk 01:31:39]} {[%emt 00:00:08]} 5. d3 {[%clk 01:32:34]} {[%emt 00:00:06]}
Nf6 {[%clk 01:27:37]} {[%emt 00:04:33]} 6. Nge2 {[%clk 01:32:05]} {[%emt
00:00:58]} Qc7 {[%clk 01:25:48]} {[%emt 00:02:19]} 7. O-O {[%clk 01:31:40]}
{[%emt 00:00:55]} b5 {[%clk 01:25:12]} {[%emt 00:01:05]} 8. Qe1 {[%clk
01:30:21]} {[%emt 00:01:50]} Bb7 {[%clk 01:22:54]} {[%emt 00:02:49]} 9. f4
{[%clk 01:30:02]} {[%emt 00:00:48]} d6 {[%clk 01:22:53]} {[%emt 00:00:31]} 10.
Nd1 {[%clk 01:29:43]} {[%emt 00:00:49]} Be7 {[%clk 01:17:36]} {[%emt 00:05:47]}
11. Ne3 {[%clk 01:29:11]} {[%emt 00:01:02]} h5 {[%clk 01:10:32]} {[%emt
00:07:34]} 12. h3 {[%clk 01:27:11]} {[%emt 00:02:31]} O-O-O {[%clk 01:08:15]}
{[%emt 00:02:47]} 13. c3 {[%clk 01:26:21]} {[%emt 00:01:20]} d5 {[%clk
00:58:58]} {[%emt 00:09:47]} 14. e5 {[%clk 01:25:10]} {[%emt 00:01:41]} Nd7
{[%clk 00:57:45]} {[%emt 00:01:43]} 15. a4 {[%clk 01:21:46]} {[%emt 00:03:54]}
b4 {[%clk 00:55:17]} {[%emt 00:02:57]} 16. Nc2 {[%clk 01:17:20]} {[%emt
00:04:56]} a5 {[%clk 00:37:49]} {[%emt 00:17:58]} 17. cxb4 {[%clk 01:12:30]}
{[%emt 00:05:20]} cxb4 {[%clk 00:37:38]} {[%emt 00:00:41]} 18. Be3 {[%clk
01:12:34]} {[%emt 00:00:26]} Kb8 {[%clk 00:37:18]} {[%emt 00:00:50]} 19. Ned4
{[%clk 01:10:43]} {[%emt 00:02:20]} Nxd4 {[%clk 00:31:31]} {[%emt 00:06:18]}
20. Nxd4 {[%clk 01:11:04]} {[%emt 00:00:10]} Ba6 {[%clk 00:31:27]} {[%emt
00:00:34]} 21. Rc1 {[%clk 01:11:13]} {[%emt 00:00:20]} Bc5 {[%clk 00:28:23]}
{[%emt 00:03:35]} 22. Nb3 {[%clk 00:54:14]} {[%emt 00:17:28]} Bxe3+ {[%clk
00:27:20]} {[%emt 00:01:32]} 23. Qxe3 {[%clk 00:53:37]} {[%emt 00:01:07]} Qb6
{[%clk 00:24:26]} {[%emt 00:03:24]} 24. Qxb6+ {[%clk 00:52:56]} {[%emt
00:01:11]} Nxb6 {[%clk 00:24:52]} {[%emt 00:00:05]} 25. Nxa5 {[%clk 00:53:15]}
{[%emt 00:00:10]} Rc8 {[%clk 00:24:56]} {[%emt 00:00:25]} 26. Nc6+ {[%clk
00:53:39]} {[%emt 00:00:07]} Kb7 {[%clk 00:24:27]} {[%emt 00:00:59]} 27. Nxb4
{[%clk 00:53:55]} {[%emt 00:00:14]} Nxa4 {[%clk 00:23:44]} {[%emt 00:01:13]}
28. Nxa6 {[%clk 00:46:25]} {[%emt 00:08:00]} Kxa6 {[%clk 00:24:07]} {[%emt
00:00:08]} 29. Ra1 {[%clk 00:36:44]} {[%emt 00:10:11]} Kb5 {[%clk 00:24:19]}
{[%emt 00:00:17]} 30. b3 {[%clk 00:37:10]} {[%emt 00:00:04]} Nc5 {[%clk
00:20:40]} {[%emt 00:04:09]} 31. Ra7 {[%clk 00:31:23]} {[%emt 00:06:18]} Rhf8
{[%clk 00:16:39]} {[%emt 00:04:30]} 32. f5 {[%clk 00:29:36]} {[%emt 00:02:16]}
g6 {[%clk 00:11:04]} {[%emt 00:06:05]} 33. fxg6 {[%clk 00:29:19]} {[%emt
00:00:47]} fxg6 {[%clk 00:11:24]} {[%emt 00:00:11]} 34. Rxf8 {[%clk 00:29:41]}
{[%emt 00:00:08]} Rxf8 {[%clk 00:11:46]} {[%emt 00:00:07]} 35. Re7 {[%clk
00:30:05]} {[%emt 00:00:05]} Rf5 {[%clk 00:07:32]} {[%emt 00:04:45]} 36. d4
{[%clk 00:30:18]} {[%emt 00:00:18]} Nxb3 {[%clk 00:07:38]} {[%emt 00:00:24]}
37. Rxe6 {[%clk 00:28:29]} {[%emt 00:02:18]} Nxd4 {[%clk 00:07:59]} {[%emt
00:00:09]} 38. Re8 {[%clk 00:28:31]} {[%emt 00:00:28]} Kc5 {[%clk 00:06:57]}
{[%emt 00:01:32]} 39. Rg8 {[%clk 00:23:02]} {[%emt 00:05:58]} Ne2+ {[%clk
00:06:31]} {[%emt 00:00:56]} 40. Kh2 {[%clk 00:23:08]} {[%emt 00:00:25]} Rxe5
{[%clk 00:06:33]} {[%emt 00:00:28]} 41. Rxg6 {[%clk 00:23:30]} {[%emt
00:00:07]} d4 {[%clk 00:05:19]} {[%emt 00:01:45]} 42. Rc6+ {[%clk 00:23:53]}
{[%emt 00:00:07]} Kb4 {[%clk 00:05:24]} {[%emt 00:00:26]} 43. Bf3 {[%clk
00:05:43]} {[%emt 00:18:40]} d3 {[%clk 00:02:56]} {[%emt 00:02:58]} 44. Kg2
{[%clk 00:04:33]} {[%emt 00:01:39]} Nd4 {[%clk 00:02:26]} {[%emt 00:00:59]} 45.
Rd6 {[%clk 00:03:02]} {[%emt 00:02:02]} Kc3 {[%clk 00:24:47]} {[%emt 00:08:09]}
46. g4 {[%clk 00:30:35]} {[%emt 00:02:57]} hxg4 {[%clk 00:22:49]} {[%emt
00:02:28]} 47. hxg4 {[%clk 00:30:59]} {[%emt 00:00:06]} Nxf3 {[%clk 00:16:02]}
{[%emt 00:07:17]} 48. Kxf3 {[%clk 00:31:20]} {[%emt 00:00:09]} Rc5 {[%clk
00:16:26]} {[%emt 00:00:06]} 49. Ke3 {[%clk 00:27:22]} {[%emt 00:04:28]} Re5
{[%clk 00:16:46]} {[%emt 00:00:10]} 50. Kf4 {[%clk 00:27:45]} {[%emt 00:00:07]}
Re1 {[%emt 00:04:18]} 51. Kf5 {[%clk 00:24:25]} {[%emt 00:03:48]} d2 {[%clk
00:13:07]} {[%emt 00:00:23]} 52. g5 {[%clk 00:22:20]} {[%emt 00:02:35]} Re3
{[%clk 00:11:06]} {[%emt 00:02:31]} 53. Rxd2 {[%clk 00:21:21]} {[%emt
00:01:29]} Kxd2 {[%clk 00:10:46]} {[%emt 00:00:19]} 1/2-1/2

[Event "ODJM B 2023"]
[Site "Willingen GER"]
[Date "2023.06.01"]
[Round "7"]
[White "Reger, Christoph"]
[Black "Sensoy, Emir"]
[Result "1-0"]
[Termination "normal"]
[Board "37"]
[WhiteElo "1129"]
[BlackElo "1418"]
[PlyCount "51"]
[WhiteFideId "16287606"]
[BlackFideId "34607390"]
[EventCountry "GER"]
[EventRounds "9"]
[EventType "swiss"]
[EventDate "2023.05.27"]

1. d4 Nf6 2. Bf4 e6 3. e3 d5 4. Nd2 Be7 5. c3 O-O 6. Ngf3 Nbd7 7. Bd3 b6 8. Ne5
Bb7 9. Qf3 h6 10. h4 Nxe5 11. dxe5 Nd7 12. Qg3 Kh8 13. Nf3 Nc5 14. Bg6 fxg6 15.
Qxg6 Qe8 16. Qc2 Ne4 17. Nd4 Qf7 18. f3 Nc5 19. g4 Nd7 20. g5 g6 21. h5 gxh5
22. g6 Qg8 23. Bxh6 h4 24. g7+ Qxg7 25. Bxg7+ Kxg7 26. Nxe6+ 1-0

[Event "ODJM B 2023"]
[Site "Willingen GER"]
[Date "2023.06.01"]
[Round "7"]
[White "Ginschel, Leonhard"]
[Black "Reuter, Luca Marek"]
[Result "1/2-1/2"]
[Termination "normal"]
[Board "38"]
[WhiteElo "1376"]
[BlackElo "1570"]
[PlyCount "100"]
[WhiteFideId "16290917"]
[BlackFideId "16226712"]
[EventCountry "GER"]
[EventRounds "9"]
[EventType "swiss"]
[EventDate "2023.05.27"]

1. e4 e5 2. Nf3 Nc6 3. Bc4 Bc5 4. c3 Nf6 5. d4 exd4 6. e5 d5 7. Bb5 Ne4 8. cxd4
Bb4+ 9. Bd2 Nxd2 10. Nbxd2 Bd7 11. O-O O-O 12. Bd3 Bxd2 13. Qxd2 Bg4 14. Be2
Bf5 15. Rac1 h6 16. h3 Ne7 17. Nh4 Bh7 18. f4 Nf5 19. Nxf5 Bxf5 20. g4 Be4 21.
f5 Qh4 22. Kh2 c6 23. f6 Qg5 24. Qd1 Rfe8 25. Rc3 Re6 26. fxg7 Kxg7 27. Qe1 f6
28. Qf2 Qg6 29. Rb3 b6 30. exf6+ Rxf6 31. Qxf6+ Qxf6 32. Rxf6 Kxf6 33. Rc3 Rc8
34. b4 Ke6 35. Kg3 Kd6 36. Bf3 Re8 37. Re3 c5 38. dxc5+ bxc5 39. Bxe4 Rxe4 40.
bxc5+ Kxc5 41. Rxe4 dxe4 42. Kf2 Kd4 43. Ke2 e3 44. h4 Ke4 45. g5 hxg5 46. hxg5
Kf5 47. Kxe3 Kxg5 48. Ke4 Kf6 49. Kd5 Ke7 50. Kc6 Kd8 1/2-1/2

[Event "ODJM B 2023"]
[Site "Willingen GER"]
[Date "2023.06.01"]
[Round "7"]
[White "Jacoby, Angelina"]
[Black "Farokhi, Darian"]
[Result "1/2-1/2"]
[Termination "normal"]
[Board "40"]
[WhiteElo "1583"]
[BlackElo "1455"]
[PlyCount "110"]
[WhiteFideId "12999008"]
[BlackFideId "16253108"]
[EventCountry "GER"]
[EventRounds "9"]
[EventType "swiss"]
[EventDate "2023.05.27"]

{[%evp 0,41,19,22,27,19,61,57,56,20,29,29,14,14,14,16,13,0,0,1,61,38,43,44,107,
13,46,16,103,-10,-10,17,-3,-2,17,13,24,-6,20,19,19,27,46,-145]} 1. d4 d5 2. Bf4
c5 3. e3 Nc6 4. c3 Qb6 5. Qb3 c4 6. Qxb6 axb6 7. Nd2 b5 8. Ngf3 b4 9. Be2 b3
10. a3 b5 11. O-O Bf5 12. Nh4 Bc2 13. Rfe1 h6 14. Nhf3 Nf6 15. Ne5 Nxe5 16.
Bxe5 Nd7 17. Bg3 e6 18. Bf3 Nf6 19. e4 dxe4 20. Nxe4 Nxe4 21. Bxe4 Bxe4 22.
Rxe4 Rd8 23. Bc7 Rd7 24. Be5 f6 25. Bg3 Kf7 26. Rae1 Re7 27. Bd6 Re8 28. Bxf8
Rhxf8 29. f4 g5 30. g3 gxf4 31. Rxf4 Rg8 32. Kg2 Rg5 33. Ref1 Rg6 34. Re1 Rd8
35. Rfe4 Rd6 36. Kf3 Rg5 37. Rf4 Rdd5 38. Re2 Rdf5 39. Ree4 e5 40. dxe5 Rxe5
41. Rxe5 Rxe5 42. Re4 Rh5 43. h4 Rf5+ 44. Rf4 Rd5 45. Ke2 h5 46. Re4 f5 47. Rf4
Kf6 48. Rf1 Rd3 49. Rf3 Rd7 50. Rf4 Ke5 51. Rf3 Rg7 52. Re3+ Kf6 53. Rf3 Rg4
54. Kf2 Ke5 55. Re3+ Kf6 1/2-1/2

[Event "ODJM B 2023"]
[Site "Willingen GER"]
[Date "2023.06.01"]
[Round "7"]
[White "Göb, Franziska"]
[Black "Wang, Simon"]
[Result "1/2-1/2"]
[Termination "normal"]
[Board "41"]
[WhiteElo "1278"]
[BlackElo "1483"]
[PlyCount "75"]
[WhiteFideId "16293177"]
[BlackFideId "34605398"]
[EventCountry "GER"]
[EventRounds "9"]
[EventType "swiss"]
[EventDate "2023.05.27"]

1. e4 c6 2. d4 d5 3. e5 Bf5 4. h4 h5 5. Bd3 Bxd3 6. Qxd3 e6 7. Bg5 Qb6 8. Nd2
Ne7 9. Ngf3 Nd7 10. O-O Nf5 11. Nb3 c5 12. c4 dxc4 13. Qxc4 Nxd4 14. Nbxd4 cxd4
15. Rfd1 Be7 16. Bxe7 Kxe7 17. Qxd4 Qxd4 18. Rxd4 Rhd8 19. Rc4 Nb6 20. Rc7+ Rd7
21. Rac1 Rad8 22. Ng5 f6 23. exf6+ gxf6 24. Nf3 Rxc7 25. Rxc7+ Rd7 26. Rc1 Nd5
27. g3 Rd6 28. Re1 Ra6 29. a3 Rb6 30. Nd4 Kf7 31. Re2 Nc7 32. Rc2 Na6 33. Kg2
e5 34. Nf5 Re6 35. Rd2 Kg6 36. Nd6 Nb8 37. Nxb7 Rb6 38. Nc5 1/2-1/2

[Event "ODJM B 2023"]
[Site "Willingen GER"]
[Date "2023.06.01"]
[Round "7"]
[White "Fettig, Konrad"]
[Black "Brandt, Clara"]
[Result "1/2-1/2"]
[Termination "normal"]
[Board "42"]
[WhiteElo "1601"]
[BlackElo "1254"]
[PlyCount "76"]
[WhiteFideId "34622888"]
[BlackFideId "34614737"]
[EventCountry "GER"]
[EventRounds "9"]
[EventType "swiss"]
[EventDate "2023.05.27"]

1. e4 d5 2. exd5 Nf6 3. Nc3 Nxd5 4. Nxd5 Qxd5 5. Nf3 Nc6 6. d4 Bg4 7. Be2 O-O-O
8. Be3 g6 9. O-O Bg7 10. c3 h5 11. h3 Bxf3 12. Bxf3 Qb5 13. Bxc6 Qxc6 14. Qc2
a6 15. Rfb1 Bxd4 16. Bxd4 Rxd4 17. Qb3 Rc4 18. Rd1 Qa4 19. Qxa4 Rxa4 20. Rd3
Rd8 21. Re3 e6 22. Rf3 Rd7 23. a3 Re4 24. a4 Re2 25. b4 Red2 26. Kh2 R2d3 27.
Rxd3 Rxd3 28. Ra3 f5 29. b5 a5 30. Rb3 b6 31. Kg1 e5 32. Kf1 e4 33. Ke2 Kd7 34.
f3 Kd6 35. fxe4 fxe4 36. Rb1 Rxc3 37. Rd1+ Rd3 38. Rc1 Kd7 1/2-1/2

[Event "ODJM B 2023"]
[Site "Willingen GER"]
[Date "2023.06.01"]
[Round "7"]
[White "Oblender, Rudi"]
[Black "Menne, Lukas"]
[Result "1-0"]
[Termination "normal"]
[Board "43"]
[WhiteElo "1391"]
[BlackElo "1273"]
[PlyCount "112"]
[WhiteFideId "34625089"]
[BlackFideId "16288467"]
[EventCountry "GER"]
[EventRounds "9"]
[EventType "swiss"]
[EventDate "2023.05.27"]

1. e4 d5 2. exd5 Qxd5 3. Nc3 Qd6 4. Nf3 Nf6 5. Bc4 Bg4 6. d3 e6 7. Be3 Be7 8.
Qd2 Bxf3 9. gxf3 c6 10. Ne4 Qc7 11. Qc3 b5 12. Bxb5 Nd5 13. Qxg7 Rf8 14. Bc4 f6
15. Qg3 Qxg3 16. hxg3 Rf7 17. Bxd5 cxd5 18. Nc5 e5 19. Nb3 d4 20. Bd2 Nc6 21.
a3 O-O-O 22. O-O-O Rd5 23. c4 dxc3 24. Bxc3 Rb5 25. Kc2 a5 26. a4 Rd5 27. d4
exd4 28. Nxd4 Ne5 29. Nc6 Rxd1 30. Nxe7+ Rxe7 31. Kxd1 Ra7 32. Bxe5 fxe5 33.
Rh5 Re7 34. g4 Rf7 35. Ke2 Rb7 36. Rxe5 Rxb2+ 37. Ke3 Rb3+ 38. Ke2 Rb2+ 39. Kf1
Rb1+ 40. Kg2 Ra1 41. Rxa5 Kd7 42. Ra7+ Ke8 43. Rxh7 Rxa4 44. Kg3 Kf8 45. Rb7
Ra1 46. Rb4 Kg7 47. f4 Kf7 48. Rb6 Kg7 49. f5 Rg1+ 50. Kf4 Ra1 51. Kg5 Ra5 52.
Rb7+ Kg8 53. Kg6 Kf8 54. f6 Ra8 55. Rh7 Kg8 56. f7+ Kf8 1-0

[Event "ODJM B 2023"]
[Site "Willingen GER"]
[Date "2023.06.01"]
[Round "7"]
[White "Aguike, Chidera"]
[Black "Derhay, Davyd"]
[Result "0-1"]
[Termination "normal"]
[Board "44"]
[WhiteElo "1449"]
[BlackElo "1376"]
[PlyCount "46"]
[WhiteFideId "34611339"]
[BlackFideId "34130624"]
[EventCountry "GER"]
[EventRounds "9"]
[EventType "swiss"]
[EventDate "2023.05.27"]

1. e4 e5 2. Nf3 Nc6 3. Bc4 Bc5 4. c3 Nf6 5. d4 exd4 6. O-O dxc3 7. e5 Ng4 8.
Bxf7+ Kxf7 9. Qd5+ Ke8 10. Qxc5 cxb2 11. Bxb2 Qe7 12. Qc4 Qe6 13. Qc3 b6 14.
Ng5 Qf5 15. f4 h6 16. Nh3 Kd8 17. Rd1 Bb7 18. Qe1 Kc8 19. a3 Na5 20. Nd2 Bc6
21. Bc3 Nb7 22. Nb3 Qc2 23. Nd4 Qxg2# 0-1

[Event "ODJM B 2023"]
[Site "Willingen GER"]
[Date "2023.06.01"]
[Round "7"]
[White "Pac, Maksym"]
[Black "Brandt, Greta"]
[Result "0-1"]
[Termination "normal"]
[Board "45"]
[WhiteElo "1249"]
[BlackElo "1444"]
[PlyCount "82"]
[WhiteFideId "34623558"]
[BlackFideId "34605860"]
[EventCountry "GER"]
[EventRounds "9"]
[EventType "swiss"]
[EventDate "2023.05.27"]

1. d4 d5 2. Nc3 Nf6 3. Bf4 c5 4. e3 cxd4 5. exd4 a6 6. Nf3 Bg4 7. Be2 Bxf3 8.
Bxf3 Nc6 9. O-O e6 10. Re1 Bd6 11. Qd2 Bxf4 12. Qxf4 O-O 13. Ne2 Qb8 14. Qh4
Rc8 15. c3 b5 16. Ng3 b4 17. Rab1 Qd6 18. Rec1 Rab8 19. Nh5 Nxh5 20. Bxh5 bxc3
21. bxc3 Rxb1 22. Rxb1 Qa3 23. Qf4 Nd8 24. Qd2 Qxc3 25. Qxc3 Rxc3 26. Be2 Nc6
27. Bxa6 g6 28. Rd1 Nb4 29. Be2 Nxa2 30. g3 Rc1 31. Kg2 Rxd1 32. Bxd1 Nc3 33.
Bc2 Ne2 34. f4 Nxd4 35. Bb1 h5 36. Kf2 Kg7 37. Ke3 Nc6 38. h3 Kf6 39. g4 hxg4
40. hxg4 g5 41. f5 Ne5 0-1

[Event "ODJM B 2023"]
[Site "Willingen GER"]
[Date "2023.06.01"]
[Round "7"]
[White "Roth, Jonas"]
[Black "Junge, Julia"]
[Result "1-0"]
[Termination "normal"]
[Board "46"]
[WhiteElo "1529"]
[BlackElo "1367"]
[PlyCount "70"]
[WhiteFideId "34623515"]
[BlackFideId "16293908"]
[EventCountry "GER"]
[EventRounds "9"]
[EventType "swiss"]
[EventDate "2023.05.27"]

1. e4 e5 2. Nf3 Nc6 3. Bb5 Bc5 4. O-O Nge7 5. c3 d6 6. h3 a6 7. Ba4 O-O 8. Re1
f5 9. Bb3+ Kh8 10. d4 exd4 11. cxd4 fxe4 12. Rxe4 d5 13. Rh4 Nf5 14. Rxh7+ Kxh7
15. Ng5+ Kg8 16. dxc5 Ncd4 17. g4 Nxb3 18. axb3 Nh4 19. Qd3 Nf5 20. gxf5 Bxf5
21. Qd4 c6 22. Nc3 Qd7 23. h4 Rae8 24. Be3 Bc2 25. Ne2 Bxb3 26. Qd3 Qg4+ 27.
Ng3 Qxh4 28. Qxb3 Re7 29. Kg2 Rf6 30. Rh1 Qg4 31. Qd3 g6 32. Rh6 Kg7 33. Rh7+
Kf8 34. Rxe7 Kxe7 35. Qe2 Qb4 1-0